[Event "Stay Safe Play From Home 143"]
[Site "T#645979Emanuel Laske"]
[Date "2020.05.12"]
[Round "2"]
[White "Onlyforchess"]
[Black "rohit2007"]
[Result "1-0"]
[WhiteElo "2558"]
[BlackElo "2249"]
[Annotator "TA"]
[PlyCount "33"]
[EventDate "2020.05.12"]
[EventType "swiss (blitz)"]

{[%evp 18,32,42,0,78,28,31,27,268,147,1256,949,1208,933,1775,1697,29999]} 1. e4 c5 2. Nf3 d6 3. d4 cxd4 4. Nxd4 Nf6 5. Nc3 a6 6. Bg5 e6 7. f4 Be7 8. Qf3 Qc7 9. O-O-O Nbd7 10. Bd3 {has lost popularity (10.g4).} O-O {B99: Sicilian Najdorf: 6 Bg5 e6 7 f4 Be7 8 Qf3 Qc7 9 0-0-0 Nbd7.} (10... b5 $11) 11. Qh3 b5 12. Rhe1 {[#] e5! is the strong threat.} e5 $146 {[#]} (12... Nc5 $11 {and Black has nothing to worry.}) ({Predecessor:} 12... Nc5 13. e5 dxe5 14. fxe5 Nxd3+ 15. Rxd3 Nd5 16. Bxe7 Nxe7 17. Qg3 Bb7 18. h4 Rad8 19. Qe3 b4 20. Nce2 Qa5 {0-1 (41) Bartek,L (2005)-Priechodsky,R (1887) Slovakia 2019}) 13. Nf5 (13. Nd5 $18 Nxd5 14. exd5) 13... exf4 $2 {[%mdl 8192] This move loses the game for Black.} (13... Nc5 $16) 14. Nxe7+ Kh8 15. Ncd5 Nxd5 16. exd5 {[%csl Gd3][%cal Rh3h7] [#]} f6 17. Qxh7# {Accuracy: White = 43%, Black = 13%.} 1-0

[Event "Stay Safe Play From Home 143"]
[Site "T#645979Emanuel Laske"]
[Date "2020.05.12"]
[Round "2"]
[White "Praveen prasad"]
[Black "Lucknow"]
[Result "1-0"]
[WhiteElo "2181"]
[BlackElo "1807"]
[Annotator "TA"]
[PlyCount "115"]
[EventDate "2020.05.12"]
[EventType "swiss (blitz)"]

{[%evp 13,115,-4,4,0,5,-5,-7,-26,-25,-86,-4,-58,35,39,50,1,18,19,48,41,50,12,31,-11,-12,-13,-12,-16,-7,-28,-18,-55,-41,-40,-20,-84,-25,-37,-36,-41,-6,-41,-35,-39,-39,-60,-65,-109,-108,-127,-95,-116,0,-28,-20,-37,-41,-53,-39,-70,-41,-89,-70,-161,-67,-66,0,-239,-234,-163,-189,-135,0,0,0,-1255,6094,6094,6091,6039,6083,6087,6087,6035,29985,29986,29986,29987,29987,29988,29988,29989,29989,29990,29990,29991,29991,29992,29994,29995,29996,29995,29996,29993]} 1. e4 c5 2. Nf3 d6 3. d4 cxd4 4. Nxd4 Nf6 5. Bd3 g6 6. Nc3 Bg7 7. O-O O-O 8. Re1 {B70: Sicilian Dragon: 6 g3 and 6 Be2 (without a later Be3).} Nc6 9. Nxc6 bxc6 10. a3 {[#] The position is equal.} Qc7 $146 ({Predecessor:} 10... d5 11. exd5 cxd5 12. Rb1 d4 13. Ne4 Ng4 14. h3 Ne5 15. Bf4 Nxd3 16. cxd3 e5 {½-½ (48) Pehl,F (829)-Allwardt,D (888) LSS email 2009}) 11. Be3 (11. Rb1 $11) 11... a5 ({Black should try} 11... Ng4 $17 {White must now prevent ...d5.} 12. Bc1 d5) 12. Bd4 (12. h3 $11) 12... Ba6 (12... Rb8 $15) 13. Bxa6 $14 Rxa6 14. Qe2 Raa8 15. e5 dxe5 16. Bxe5 Qb6 17. Rab1 Rfd8 18. Ne4 Nxe4 19. Qxe4 Bxe5 20. Qxe5 e6 21. Qe2 (21. Qc3 {seems wilder.} a4 22. Re4 c5 23. Re5 Ra5 24. h4) 21... Rd5 22. b3 Rad8 23. Rbd1 Qc5 (23... R8d6 {feels hotter.} 24. c4 Rd4 25. Qf3 c5 26. g3 Rd8) 24. a4 {[#]} (24. c4 $11 {keeps the balance.} Rd4 25. Rxd4 Rxd4 26. a4) 24... Qd6 (24... Qc3 $1 $17) 25. Rxd5 cxd5 $11 {[%mdl 4096] Endgame KQR-KQR} 26. Qd2 Rc8 27. g3 (27. c4 $5) 27... Qc5 28. Re2 Qc3 29. Qxc3 Rxc3 $15 {KR-KR} 30. Rd2 Kg7 31. Kf1 Kf6 32. Ke2 Rc5 ({Black should play} 32... g5 $17) 33. Kd1 Ke5 34. Re2+ Kd6 35. Kd2 e5 36. Re3 f6 37. Rd3 Rc6 38. Re3 (38. c3 $15) 38... Kc5 (38... d4 $19 39. Rd3 Kd5) 39. Rc3+ Kd6 (39... Kb6 $1 $15) 40. Rxc6+ $2 (40. Re3 $1 $11 {and White has nothing to worry.}) 40... Kxc6 $11 {KP-KP} 41. c3 Kc5 42. Kd3 {[#]} (42. f3 $19) 42... e4+ (42... d4 $1 $17 43. c4 h5) 43. Ke3 f5 {Threatening ...g5.} 44. g4 $2 {[%mdl 8192]} (44. b4+ $11 axb4 45. cxb4+ Kxb4 46. Kd4) 44... h6 $4 {[%mdl 8192]} (44... fxg4 $19 45. Kf4 d4 46. cxd4+ Kxd4 47. Kxg4 Kc3) 45. gxf5 $18 gxf5 46. Kf4 d4 47. cxd4+ Kxd4 48. Kxf5 Kc3 49. Kxe4 {White mates.} Kxb3 50. f4 Kxa4 {KPP-KPP} 51. f5 Kb3 52. f6 a4 53. f7 a3 54. f8=Q a2 55. Qg7 a1=Q 56. Qxa1 Kc2 57. Qe1 Kb3 58. Qh4 {Accuracy: White = 56%, Black = 49%.} 1-0

[Event "Stay Safe Play From Home 143"]
[Site "T#645979Emanuel Laske"]
[Date "2020.05.12"]
[Round "2"]
[White "Little champs"]
[Black "Trotsky"]
[Result "1-0"]
[WhiteElo "2177"]
[BlackElo "1621"]
[Annotator "TA"]
[PlyCount "57"]
[EventDate "2020.05.12"]
[EventType "swiss (blitz)"]

{[%evp 9,57,17,31,7,0,6,31,1,0,0,0,0,15,22,30,29,125,110,303,156,494,474,740,681,930,836,853,784,768,772,1067,1043,1041,1035,1014,1014,1054,1012,1120,1110,1239,1241,2236,1481,1441,1295,1224,966,952,920]} 1. d4 d5 2. e3 e6 3. Nf3 c5 4. c4 Nc6 5. dxc5 Bxc5 6. cxd5 {D30: Queen's Gambit Declined: Systems without Nc3.} exd5 7. Nc3 Be6 8. Be2 {White is slightly better.} a6 9. O-O Nf6 10. a3 Bd6 11. b4 {[%cal Bb2b4,Bb4b5][%mdl 32] [#]} Qc7 $146 ({Predecessor:} 11... O-O 12. Bb2 Rc8 13. b5 axb5 14. Nxb5 Bb8 15. Rc1 Qe7 16. a4 Rfd8 17. Ba3 Qd7 18. Bc5 Ne4 19. Bb6 Re8 20. Nd2 Nd6 21. f4 Nxb5 22. Bxb5 Bc7 23. Bd4 Bd6 24. Nb3 f6 25. Na5 Bb4 26. Nb3 {½-½ (26) Hase,J (2343)-Ramirez,E (2293) Olavarria 2005}) 12. Bb2 Ng4 (12... O-O $11) 13. h3 $36 {[%mdl 2048] Black is under strong pressure.} h5 $2 {[#]} (13... Nf6 $16) 14. Rc1 (14. Nxd5 $18 Qd8 15. Nb6 (15. Bxg7 Rg8 $16)) 14... O-O-O $2 {Loses the game.} (14... Nf6 $16 {is more resistant.} 15. b5 axb5 16. Nxb5 Qe7) 15. b5 $18 {White is clearly winning.} Kb8 (15... d4 $142) 16. bxc6 bxc6 17. Qb3+ Ka8 18. Na4 Rb8 19. Qd3 Rb7 20. Qxa6+ Ra7 21. Qxc6+ Qxc6 22. Rxc6 Bb8 23. Nc5 Bc8 24. Bxg7 Re8 25. Bd4 Ree7 26. Rb1 Rac7 27. Rxc7 Rxc7 28. a4 Ba7 29. Rc1 {Accuracy: White = 75%, Black = 28%.} 1-0

[Event "Stay Safe Play From Home 143"]
[Site "T#645979Emanuel Laske"]
[Date "2020.05.12"]
[Round "2"]
[White "Chessencounter"]
[Black "Ionutn28"]
[Result "1-0"]
[WhiteElo "2144"]
[BlackElo "1801"]
[Annotator "TA"]
[PlyCount "105"]
[EventDate "2020.05.12"]
[EventType "swiss (blitz)"]

{[%evp 20,105,-8,-21,-18,-10,-17,-21,34,31,35,-7,-2,-22,-15,-11,0,-22,-32,-13,29,29,29,29,29,30,30,24,25,27,30,5,25,-74,12,-4,-4,-4,16,0,347,0,420,0,302,-3,-3,-3,-3,-14,-10,-35,-15,-83,-86,-105,-73,-195,-153,-327,-293,-332,-332,-378,-365,-447,-336,-312,-287,-1081,-1064,-952,-906,-723,-653,-766,-480,-483,-479,-483,-472,-436,-378,-352,-295,-4080,-1587,-1132]} 1. Nc3 Nf6 2. e4 d6 3. Nf3 c5 4. d4 cxd4 5. Nxd4 a6 6. Bg5 e6 7. Bc4 Be7 8. O-O O-O 9. a4 Nbd7 10. Bb3 Nc5 11. Re1 Nxb3 {[#] B86: Sicilian Scheveningen/Najdorf: 6 Bc4, without early ...b5.} 12. cxb3 $146 ({Predecessor:} 12. Nxb3 Qc7 13. Qd3 Bd7 14. Rad1 Bc6 15. Qg3 Rfd8 16. Nd4 Kh8 17. Qh4 Ng8 18. Re3 h6 19. Bxe7 Qxe7 {0-1 (40) Tepe,E (2055)-Buyukasik,D (2301) Antalya 2018}) 12... h6 13. Bh4 d5 ({Black should try} 13... Bd7 $11) 14. e5 $14 Nh7 15. Bg3 Bd7 16. Rc1 Rc8 17. Qd3 Qb6 18. f4 Bc5 19. Nce2 Bxd4+ 20. Nxd4 Rxc1 21. Rxc1 Rc8 22. Rxc8+ Bxc8 23. Qc3 Bd7 24. Bf2 $36 {[%mdl 2048] White is more active.} Qd8 25. Qc5 Nf8 26. b4 (26. Qd6 $11 {keeps the balance.}) 26... Qc8 (26... Bxa4 $17 27. h3 Qd7) 27. a5 (27. b3 {seems wilder.} f6 28. Qxc8 Bxc8 29. b5 Ng6 30. exf6 gxf6 31. f5) 27... Qxc5 28. bxc5 $11 {[%mdl 4096] Endgame KBN-KBN} Bc6 29. b4 Nd7 $2 {[%mdl 8192] [#]} (29... Bd7 $1 $11 {and Black has nothing to worry.}) 30. Kf1 $2 (30. b5 $1 $18 {[%cal Rb5c6][%mdl 512]} Bxb5 (30... axb5 31. Nxc6) 31. Nxb5) 30... Kf8 $2 {[%mdl 8192] [#]} (30... Nb8 $11) 31. Ke2 $2 ({White must play} 31. b5 $1 $18 {[%mdl 512]}) 31... Ke7 $2 {[%mdl 8192] [#]} (31... Nb8 $11 {and Black stays safe.}) 32. Kd3 $2 (32. b5 $1 $18 {[%mdl 512]} Bxb5+ (32... axb5 33. Nxc6+) 33. Nxb5) 32... Nb8 33. Kc3 Bd7 34. Kb3 Nc6 35. Ne2 f6 36. exf6+ (36. Nd4 $11 {remains equal.}) 36... gxf6 $17 37. Be3 Kf7 38. g3 (38. Ng3 $17) 38... h5 39. Kc2 $2 (39. Nd4 $17 {was worth a try.}) 39... e5 $19 ({But not} 39... Nxb4+ 40. Kc3 $19) 40. fxe5 fxe5 41. Kb3 Kf6 42. h4 Be6 {And now ...d4+ would win.} 43. Bg5+ Kg6 44. Nc3 $2 (44. Ka4) 44... d4+ 45. Kc2 dxc3 46. Kxc3 Nd4 47. b5 Nf3 48. c6 bxc6 49. bxa6 {Strongly threatening a7.} Bd5 50. Be3 {[#] aiming for Bc5.} c5 $1 51. Bxc5 Kf5 52. Be3 $2 (52. Bf2) 52... Be4 53. g4+ {[%mdl 32768] Never resign too early! Accuracy: White = 40%, Black = 69%. . Loss on time!?} 1-0

[Event "Stay Safe Play From Home 143"]
[Site "T#645979Emanuel Laske"]
[Date "2020.05.12"]
[Round "2"]
[White "SoulofWolf"]
[Black "Lazieri3"]
[Result "1-0"]
[WhiteElo "2121"]
[BlackElo "2096"]
[Annotator "TA"]
[PlyCount "87"]
[EventDate "2020.05.12"]
[EventType "swiss (blitz)"]

{[%evp 9,87,22,18,0,0,0,1,-40,-29,-79,-18,-107,-100,-120,-110,-111,-41,-61,-66,-64,-61,-83,-83,-101,-45,-128,0,-100,0,-119,0,-56,16,0,4,-24,0,-65,-52,-58,-54,-64,-64,-52,129,134,129,114,163,171,189,172,221,210,321,291,296,283,417,370,402,175,224,-20,-16,-145,-206,-378,-248,-447,-447,-434,152,150,170,166,172,172,235,227]} 1. d4 d5 2. Nf3 c6 3. Bg5 Bf5 4. e3 Qb6 5. b3 e6 6. c3 {D00: 1 d4 d5: Unusual lines.} Be7 {[#]} 7. Bf4 $146 ({Predecessor:} 7. Bxe7 Nxe7 8. Bd3 Nd7 9. O-O O-O 10. Re1 Rac8 11. Bxf5 Nxf5 12. Nbd2 c5 13. dxc5 Nxc5 {0-1 (33) Berg,M (1789)-Justinussen,S (1968) Faroe Islands 2017}) 7... Nf6 8. Nbd2 {The position is equal.} Nbd7 9. h3 Qa5 (9... Ba3 $17 {White must now prevent ...Bb2.} 10. Be2 Bb2) 10. Rc1 (10. b4 $11 {keeps the balance.} Qd8 11. Be2) 10... Qxa2 $17 11. g4 {[#]} Bg6 $1 12. Nh4 Qa5 (12... Be4 $1 $17 {[%cal Re4h1]} 13. Bg2 Ba3) 13. b4 Qd8 14. Nxg6 hxg6 15. Bg2 Nb6 16. Qb3 Bd6 (16... a6 $17) 17. Bg5 (17. Bxd6 $1 $15 Qxd6 18. b5) 17... Be7 18. Bf4 $1 Bd6 19. Bg5 Be7 ({Better is} 19... Qc7 $17 {...Nh7 is the strong threat.} 20. Bxf6 gxf6) 20. b5 (20. Bf4 $1 $11) 20... Nfd7 ({Black should play} 20... cxb5 $15 21. Qxb5+ Qd7) 21. bxc6 Bxg5 22. cxd7+ Qxd7 23. Rb1 (23. c4 $11) 23... O-O 24. c4 dxc4 25. Nxc4 Nxc4 26. Qxc4 b6 $2 (26... Rac8 $15 {keeps the upper hand.} 27. Qb3 Rc7) 27. Bxa8 $16 Rxa8 28. Rc1 Rd8 29. Qc6 Qe7 30. O-O Bh4 31. Qf3 Qa3 (31... a5 $142 32. Rc6 Qb7) 32. Rc2 Rf8 33. Rfc1 b5 (33... f5 $142 34. Rc8 Bd8 35. gxf5 gxf5) 34. Kg2 b4 {[%cal Bb5b4,Bb4b3,Bb3b2][%mdl 32]} 35. e4 (35. Rc8 $142 {Threatening mate with Rxf8+.} Bd8 36. Qa8) 35... b3 {[#]} 36. Rc3 $2 (36. Rc8 $1 $18) 36... a5 $1 $11 {[%cal Ba7a5,Ba5a4][%mdl 32]} 37. Rb1 (37. Rc8 $11 {remains equal.} Be7 38. e5) 37... a4 $17 {[%mdl 1024] Black has strong compensation.} 38. e5 $2 (38. Qe2) 38... Qb4 39. Qd3 $2 (39. Rc7) 39... b2 $19 40. Rc4 Qb6 $2 (40... Qb5 $19 {Threatens to win with ...a3!} 41. Rc3 Qb7+ 42. Qf3 Qb4) 41. Rc2 $36 {[%mdl 2048] Black is under strong pressure.White is clearly better.} a3 42. Qxa3 Qxd4 {Hoping for ...Qe4+.} 43. Qe3 Qxe3 (43... Qd5+ $142 44. f3 Ra8) 44. fxe3 {Accuracy: White = 55%, Black = 40%.} 1-0

[Event "Stay Safe Play From Home 143"]
[Site "T#645979Emanuel Laske"]
[Date "2020.05.12"]
[Round "2"]
[White "Don59as"]
[Black "Mandy"]
[Result "1-0"]
[WhiteElo "2070"]
[BlackElo "924"]
[Annotator "TA"]
[PlyCount "37"]
[EventDate "2020.05.12"]
[EventType "swiss (blitz)"]

{[%evp 14,37,41,42,70,43,56,50,60,63,110,112,112,112,127,111,125,109,103,104,132,129,131,129,183,132]} 1. c4 c6 2. Nc3 Nf6 3. e4 g6 4. g3 Bg7 5. Bg2 e5 6. Nge2 O-O 7. O-O d6 8. d4 b6 {E72: King's Indian: 4 e4 d6 5 g3.} 9. f3 Ba6 10. b3 {[#]} Nbd7 $146 {White is slightly better.} ({Predecessor:} 10... Bb7 11. Be3 Qe7 12. Qc2 Nbd7 13. Rad1 Rab8 14. Qc1 a6 15. a4 Rfd8 16. Bh6 exd4 17. Bxg7 Kxg7 18. Rxd4 {½-½ (88) Metal,I (1850)-Vajda,L (1795) Hungary 2011}) 11. Ba3 Qc7 12. dxe5 dxe5 13. Bxf8 Kxf8 14. Rc1 Nc5 15. b4 Ne6 16. b5 Bb7 17. bxc6 Qxc6 18. Nd5 Ng5 (18... Rd8 $16 19. Qb3 Qd6) 19. h4 {Black got outplayed after the opening} (19. Kh1 $18) 1-0

[Event "Stay Safe Play From Home 143"]
[Site "T#645979Emanuel Laske"]
[Date "2020.05.12"]
[Round "2"]
[White "Fischer_11"]
[Black "Mepe_Nika"]
[Result "1/2-1/2"]
[WhiteElo "2017"]
[BlackElo "2317"]
[Annotator "TA"]
[PlyCount "131"]
[EventDate "2020.05.12"]
[EventType "swiss (blitz)"]

{[%evp 16,131,-78,-87,-88,-91,21,29,49,-125,176,-75,88,58,147,-89,150,134,226,150,155,147,185,85,84,72,93,-62,54,-81,0,0,334,333,319,326,311,310,589,153,153,0,0,-7,-26,-17,-12,-35,-53,-141,-154,-240,-154,-197,-145,-339,-361,-389,-381,-413,-204,-181,-121,-391,-391,-365,-56,-60,-53,-337,-275,-275,-275,-266,-155,-29981,29984,-29982,-29983,-29983,-29984,-29983,-29983,-29983,-29984,-29983,-29982,-29982,-29983,-29983,-29983,-29985,-29985,-29986,-29987,-29988,-29989,-29990,-29986,-29986,-29987,-29988,-29988,-29988,-29989,-29989,-29990,-29990,-29991,-29991,-29991,-29991,-29992,-29993,-29994,-29994,-29995,-29996]} 1. e4 e5 2. Nc3 Nf6 3. Bc4 Nc6 4. d3 Bc5 5. f4 d6 6. Nf3 Bg4 7. h3 Bxf3 8. Qxf3 Nd4 9. Qg3 O-O {C30: King's Gambit Declined.} 10. Kd1 {[#]} c6 $146 (10... exf4 $17 11. Qxf4 c6) ({Predecessor:} 10... exf4 11. Bxf4 Nh5 12. Qg4 Nxf4 13. Qxf4 c6 14. Rf1 Qe7 15. Kd2 b5 16. Bb3 a5 17. a4 Nxb3+ 18. cxb3 bxa4 19. bxa4 {0-1 (32) Sokolov,A (2388)-Jurasek,M (2291) Czech Republic 2018}) 11. fxe5 $11 dxe5 {[#]White has an edge.} 12. Bg5 $2 (12. Bh6 $1 $14 {[%mdl 512] stays ahead.} Ne8 13. Qxe5) 12... h6 $2 {[%mdl 8192]} (12... b5 $17 13. Bb3 Qd6) 13. Be3 $2 ({Worse is} 13. Qxe5 hxg5 14. Qxc5 Nh5 $15) (13. Bxh6 $1 $18 {[%csl Gh6][%cal Rg3g7]} Ne8 14. Qxe5) 13... Qe7 $2 (13... b5 $17 14. Bxh6 Ne8) 14. Bxh6 $1 $16 {[%csl Gh6][%cal Rg3g7]} Ne8 (14... Nh5 $1 $14 15. Qg4 Qf6) 15. Be3 $2 (15. Bg5 $16 Qd6 16. a4) 15... Rc8 $2 (15... b5 $17 {stays on course.} 16. Bb3 a5) 16. a3 Rd8 (16... b5 $16 17. Ba2 Ne6) 17. Rf1 b5 18. Ba2 $36 {[%mdl 2048] Strongly threatening Bg5. Black is under strong pressure.} Ne6 19. Kd2 (19. Bxc5 $18 Nxc5 20. Rf5) 19... Bxe3+ 20. Qxe3 Nd6 {With the idea ...Nc4+.} 21. Rf2 $2 (21. Kc1 $16) 21... a5 (21... Nc4+ $1 $15 22. Bxc4 bxc4) 22. Raf1 (22. Ke1 $14) 22... b4 (22... Nc4+ $1 $17 23. Bxc4 bxc4) 23. Ne2 Nd4 $2 {[%mdl 8192]} (23... c5 $11 {and Black is okay.}) 24. Nxd4 $18 exd4 25. Qf4 bxa3 26. bxa3 c5 $2 (26... Rde8 27. g4 Qe5) 27. Bd5 $2 (27. e5 $18 {is the precise move to win.}) 27... c4 $16 28. e5 $2 (28. g4 $16) 28... c3+ $11 29. Kd1 Nf5 $1 {[%cal Rf5e3]} 30. Qxf5 Rxd5 31. Re2 Qxa3 {[%cal Ra3a1]} 32. Ke1 (32. Re4 $1 $15 Qa2 33. Rg4 Qb1+ 34. Ke2 Qxc2+ 35. Kf3) 32... Qe7 $17 33. Qf3 (33. Qe4 $17 {was called for.} Qe6 34. Kf2) 33... Qe6 34. Kf2 {[#]} Rxe5 ({Black should play} 34... a4 $1 $19 35. Ra1 Ra5) 35. Rfe1 $2 {[#]} (35. Rxe5 $17 Qxe5 36. Qe4) 35... Rxe2+ $1 $19 36. Rxe2 {[%mdl 4096] Endgame KQR-KQR} Qd6 37. Re4 Rd8 (37... a4 $142 {aiming for ...a3.} 38. Qg3 Qf6+ 39. Qf3 Qh6) 38. Qg3 Qf6+ (38... Qxg3+ $19 39. Kxg3 a4) 39. Qf4 $2 {[%mdl 8192]} (39. Kg1 $17 {is a better defense.}) 39... Qxf4+ 40. Rxf4 {KR-KR} f6 $2 ({Black should try} 40... a4 $19 {And now ...a3 would win.} 41. Kg3 a3) 41. Kf3 $1 $15 a4 {White must now prevent ...a3.} 42. Re4 $2 {[%mdl 8192]} (42. Ke4 $15) 42... a3 $19 43. Re1 Ra8 44. Ra1 a2 (44... Kf7 $19 45. Ke4 Ra4) 45. Rxa2 $2 (45. Ke4 $17 Ra4 46. Kd5) 45... Kf7 $4 {[%mdl 8192]} (45... Rxa2 {and all is fine.} 46. Ke4 Rxc2 47. Kxd4 Rxg2 48. Kxc3 Rh2 49. d4 Rxh3+ 50. Kd2 g5 51. Ke2 g4 52. Kf2 f5 53. d5 f4 54. Ke2 Rh2+ 55. Kd3 f3 56. d6 Kf7 57. d7 Ke7 58. d8=R Kxd8 59. Ke3 Re2+ 60. Kd3 g3 61. Kc4 f2 62. Kd3 f1=Q 63. Kc4 Qf4+ 64. Kc5 Kc7 65. Kb5 Re5+ 66. Ka6 Qa4#) 46. Ke4 $4 {[%mdl 8192]} (46. Rxa8 {is the narrow road to win.} Ke6 47. Ke4 g6 48. Kxd4 Kf7 49. Kxc3 g5 50. Kd4 Ke6 51. Ra6+ Kf7 52. Ra5) 46... Rxa2 {Black mates.} 47. Kxd4 Rxc2 {KR-K3P} 48. Kc4 Rc1 49. d4 c2 50. Kd3 Rd1+ 51. Kxc2 Rxd4 {KR-KPP} 52. Kc3 Rd6 53. g3 Re6 54. g4 g6 55. Kd4 f5 56. Kd3 fxg4 57. hxg4 {KR-KP} g5 58. Kd2 Rf6 59. Kd3 Rf4 60. Ke3 Rxg4 {KR-K} 61. Ke2 Rf4 62. Ke1 Rf6 63. Ke2 g4 64. Ke3 g3 65. Ke2 g2 66. Ke1 {[%mdl 32768] What a bad dream for White. Accuracy: White = 25%, Black = 31%. . An unexpected result.} 1/2-1/2

[Event "Stay Safe Play From Home 143"]
[Site "T#645979Emanuel Laske"]
[Date "2020.05.12"]
[Round "2"]
[White "Tavares"]
[Black "Eidgenosse"]
[Result "0-1"]
[WhiteElo "1879"]
[BlackElo "2401"]
[Annotator "TA"]
[PlyCount "62"]
[EventDate "2020.05.12"]
[EventType "swiss (blitz)"]

{[%evp 9,62,42,112,144,147,-37,-29,-46,-52,-148,-99,-107,-87,-182,0,-106,-90,-101,-94,-114,-104,-146,-135,-263,-277,-253,-216,-206,-213,-341,-260,-263,-222,-217,-212,-231,-226,-254,-226,-320,-292,-300,-34,-40,22,-29999,-361,-356,-334,-390,-328,-1218,-1200,-1135,-1118]} 1. e4 d6 2. d4 Nd7 3. Nc3 Ngf6 4. f4 e5 5. Nf3 c6 (5... exd4 $14 6. Qxd4 c6) 6. dxe5 {B07: Pirc Defence: Miscellaneous Systems.} dxe5 {[#]} 7. f5 $146 ({Much worse is} 7. Nxe5 $6 Bb4 $11) (7. fxe5 $16 Ng4 8. e6 fxe6 9. Ng5) ({Predecessor:} 7. fxe5 Ng4 8. e6 fxe6 9. Ng5 Nde5 10. Qxd8+ Kxd8 11. h3 Nh6 12. Bf4 Ng6 13. O-O-O+ Ke8 14. Be3 Be7 15. Be2 Bxg5 16. Bxg5 {1-0 (32) Volke,K (2463)-Anistratov,D (2303) Germany 2019}) 7... Bc5 8. Bc4 {Black has an edge.} b5 9. Bb3 (9. Bd3 $1 $15) 9... Qb6 10. Qe2 O-O 11. Bg5 {[#]} (11. a4 $17 {is a better defense.}) 11... Ng4 $2 (11... a5 $1 $19 {[%cal Ra5a4]} 12. Bxf6 Nxf6 13. Nxe5 a4 14. Bxf7+ Rxf7 15. Nxf7 Kxf7) 12. Rf1 (12. a4 $11) 12... Ne3 $36 {[%mdl 2048] Black is on the roll.} 13. Bxe3 Bxe3 14. Nd1 {[#]} Bh6 $1 15. g4 Bf4 16. h4 (16. Rg1 $17) 16... a5 $19 {aiming for ...a4.} 17. a3 Nc5 18. Ba2 b4 19. axb4 (19. Bc4 $142) 19... Qxb4+ 20. c3 Qxe4 21. Qxe4 Nxe4 22. Nf2 Nxf2 23. Rxf2 Bg3 {And now ...e4 would win.} 24. Ke2 (24. Kf1 {was necessary.}) 24... Ba6+ 25. Ke3 {Now Rg2 and White clings on.} Bf4+ $2 ({Don't take} 25... Bxf2+ 26. Kxf2 Rab8 27. b4 $19) (25... Rfd8 $19 {( -> ...Bf4+)} 26. Rg2 Bf4+ 27. Kf2 Rab8) 26. Ke4 $15 Rfd8 (26... Bb7 $15 27. Nxe5 Bg3 {[%mdl 64] Double Attack}) 27. Rff1 $2 {[%mdl 8192] This move loses the game for White.} (27. Nxe5 $11 Bg3 28. Rg2 (28. Bxf7+ Kf8 $15) 28... Bxe5 29. Kxe5) 27... Bxf1 $2 (27... Bd3# {mates}) 28. Rxf1 $19 Rab8 29. Rf2 Kf8 30. Nd2 $2 (30. g5) 30... Rxd2 31. Rxd2 Bxd2 {Accuracy: White = 25%, Black = 61%.} 0-1

[Event "Stay Safe Play From Home 143"]
[Site "T#645979Emanuel Laske"]
[Date "2020.05.12"]
[Round "2"]
[White "Gmbasti"]
[Black "CastlingArrocco"]
[Result "0-1"]
[WhiteElo "1618"]
[BlackElo "1998"]
[Annotator "TA"]
[PlyCount "68"]
[EventDate "2020.05.12"]
[EventType "swiss (blitz)"]

{[%evp 9,68,8,19,24,32,0,0,-25,-13,-25,-16,-6,-17,-22,3,8,6,-30,50,0,13,-28,-22,-46,11,-23,14,-44,0,-551,-50,-181,86,0,0,-38,-43,-456,-444,-449,-448,-451,-449,-804,-798,-951,-916,-949,-941,-954,-948,-931,-929,-912,-914,-908,-906,-939,-892,-933,-843]} 1. c4 Nc6 2. e3 e5 3. d4 exd4 4. exd4 Bb4+ 5. Nc3 Bxc3+ 6. bxc3 {A20: English Opening: 1...e5.} Nf6 {[#]} 7. Ba3 $146 ({Predecessor:} 7. Bg5 h6 8. Bh4 d6 9. Nf3 Bf5 10. Bd3 Qe7+ 11. Be2 g5 12. Bg3 Nd7 13. Nd2 {½-½ (31) Chomon Ruiz Figueroa,D (1686)-Herrera Robles,S Cali 2011}) 7... d6 8. Be2 {The position is equal.} Qe7 9. Nf3 O-O 10. O-O Bg4 11. Re1 Rae8 12. h3 Bh5 13. Qd2 Bg6 (13... Qd7 $11) 14. Bd3 Qd7 15. Rxe8 Rxe8 16. Re1 Rf8 (16... Rxe1+ $15 17. Nxe1 Na5) 17. Re3 a6 18. Qe2 ({White has to play} 18. Bf1 $1 $11) 18... Na5 19. Re7 $2 {[%mdl 8192] [#]} (19. Bxg6 $11 hxg6 20. Bb4) 19... Qc6 $2 (19... Bxd3 $19 20. Rxd7 Bxe2 21. Rxc7 Nxc4) 20. d5 (20. Nd2 $15) 20... Qb6 $2 ({Black should try} 20... Bxd3 $19 21. dxc6 Bxe2 22. Rxe2 Nxc4 23. cxb7 Nxa3) 21. Bb4 (21. Bc1 $16) 21... c5 $11 22. dxc6 Nxc6 23. Bxd6 $2 {[%mdl 8192] [#]} (23. Re3 $1 $15) 23... Nxe7 $19 {Black is clearly winning.} 24. Bxe7 Re8 25. Bxg6 hxg6 ({Not} 25... fxg6 26. Qe5 $19) 26. Nd4 (26. Qe5 $142) 26... Qc7 27. Qf3 Qxe7 28. Kh2 Qe5+ 29. g3 Ne4 30. Kg2 Nd2 31. Qd3 Qe4+ 32. Qxe4 Nxe4 33. Nf3 Nc5 34. h4 Rd8 {Accuracy: White = 26%, Black = 49%.} 0-1